ბათუმის შოთა რუსთაველის სახელმწიფო უნივერსიტეტის ბიბლიოთეკა

Fundamentals of physics: (ბიბ.ჩანაწერი № 58335)

000 -LEADER
fixed length control field 00701cam a22002177i 4500
001 - CONTROL NUMBER
control field 18848366
005 - DATE AND TIME OF LATEST TRANSACTION
control field 20221110130657.0
008 - FIXED-LENGTH DATA ELEMENTS--GENERAL INFORMATION
fixed length control field 151106t20162016ctua 001 0 eng d
020 ## - INTERNATIONAL STANDARD BOOK NUMBER
International Standard Book Number 9780300212365x
Qualifying information
041 ## - LANGUAGE CODE
Language code of text/sound track or separate title eng
080 ## - UNIVERSAL DECIMAL CLASSIFICATION NUMBER
Universal Decimal Classification number 530.1 S-53
100 1# - MAIN ENTRY--PERSONAL NAME
Personal name Shankar, Ramamurt
Relator term
9 (RLIN) 12883
245 10 - TITLE STATEMENT
Title Fundamentals of physics:
Statement of responsibility, etc. R. Shankar.
Remainder of title Electromagnetism, optics, and quantum mechanics. II, /
264 #4 - PRODUCTION, PUBLICATION, DISTRIBUTION, MANUFACTURE, AND COPYRIGHT NOTICE
Date of production, publication, distribution, manufacture, or copyright notice 2016.
Place of production, publication, distribution, manufacture New Haven :
Name of producer, publisher, distributor, manufacturer Yale University Press,
300 ## - PHYSICAL DESCRIPTION
Extent xvi, 592 pages :
Other physical details illustrations ;
Dimensions 24 cm.
653 ## - INDEX TERM--UNCONTROLLED
keyword ფიზიკა
653 ## - INDEX TERM--UNCONTROLLED
keyword Физика
653 ## - INDEX TERM--UNCONTROLLED
keyword ელექტრომაგნეტიზმი
653 ## - INDEX TERM--UNCONTROLLED
keyword ოპტიკა
942 ## - ADDED ENTRY ELEMENTS (KOHA)
Source of classification or shelving scheme
Koha item type წიგნი
ეგზემპლარები
Withdrawn status Lost status Source of classification or shelving scheme Damaged status Not for loan Permanent Location Current Location Date acquired Cost, normal purchase price Full call number Barcode Date last seen Copy number Price effective from Koha item type Public note
          ბათუმის შოთა რუსთაველის სახელმწიფო უნივერსიტეტის მთავარი ბიბლიოთეკა ბათუმის შოთა რუსთაველის სახელმწიფო უნივერსიტეტის მთავარი ბიბლიოთეკა 2021-11-10 60.00 530.1 S-53 55367 2021-11-10 55367 2021-11-10 წიგნი 60.00 GEL.